LEADER 00942nam0 22002771i 450 001 UON00338886 005 20231205104250.718 100 $a20091016d1964 |0itac50 ba 101 $aita 102 $aIT 105 $a|||| 1|||| 200 1 $aˆL'‰isola$fJuan Goytisolo 205 $a[Torino] : Einaudi$b1964 210 $a177 p.$a19 cm 215 $aTit. orig.: La isla 410 1$1001UON00148212$12001 $aˆI ‰coralli$v195 620 $aIT$dTorino$3UONL000014 676 $a863$cNarrativa spagnola$v21 700 1$aGOYTISOLO$bJuan$3UONV118524$0131792 712 $aEinaudi$3UONV246211$4650 801 $aIT$bSOL$c20241122$gRICA 899 $aSIBA - SISTEMA BIBLIOTECARIO DI ATENEO$2UONSI 912 $aUON00338886 950 $aSIBA - SISTEMA BIBLIOTECARIO DI ATENEO$dSI SPA IV 0522 $eSI SP 1978 5 0522 996 $aIsola$9154641 997 $aUNIOR